Normal view
MARC view
- Malaysia.
Entry Corporate Name
001 - CONTROL NUMBER
- control field: 445
003 - CONTROL NUMBER IDENTIFIER
- control field: OSt
005 - DATE AND TIME OF LATEST TRANSACTION
- control field: 20170425162826.0
008 - FIXED-LENGTH DATA ELEMENTS
- fixed length control field: 170425|| aca||aabn | a|a d
040 ## - CATALOGING SOURCE
- Original cataloging agency: OSt
- Transcribing agency: OSt
110 ## - HEADING--CORPORATE NAME
- Corporate name or jurisdiction name as entry element: Malaysia.
- Title of a work: Akta Pencegahan Rasuah, 1997
670 ## - SOURCE DATA FOUND
- Source citation: Work cat.: (OSt)0: Malaysia 400, Undang-undang Umum Jilid Satu ;Akta Kontrak, Akta Pengambilan Tanah, Akta Pencegahan Rasuah, Akta Pilihanraya, Peraturan-peraturan Pilihanraya(pendaftaran pemilih), Peraturan-peraturan Pilihanraya(pengundian pos), Akta Kesalahan Pilihanraya, Peraturan-peraturan dibuat oleh Suruhanjaya Pilihanraya dibawah seksyen 15, Peraturan-peraturan Pilihanraya (Perjalanan Pilihanraya) , 2007

PORTAL AKMAL
E-MEL JKDM
AKMAL2U
G-BAM
u-PUSTAKA